LEADER 01287nam 2200349Ia 450 001 996392643003316 005 20221108082707.0 035 $a(CKB)1000000000677570 035 $a(EEBO)2240901843 035 $a(OCoLC)11824451 035 $a(EXLCZ)991000000000677570 100 $a19850319d1682 uy | 101 0 $aeng 135 $aurbn||||a|bb| 200 12$aA strange relation of the suddain and violent tempest, which happened at Oxford May 31, Anno Domini 1682$b[electronic resource] $etogether with an enquiry into the probable cause and usual consequents of such like tempests and storms 210 $a[S.l.] $cPrinted for Richard Sherlock ...$d1682 215 $a[2], 12 p 300 $aAttributed to Robert Harrison. Cf. Halkett & Laing (2nd ed.). 300 $aReproduction of original in Harvard University Libraries. 330 $aeebo-0062 606 $aStorms$zEngland 607 $aOxford (England)$xClimate 615 0$aStorms 700 $aHarrison$b Robert$f17th cent.$01005642 801 0$bEAA 801 1$bEAA 801 2$bm/c 801 2$bWaOLN 906 $aBOOK 912 $a996392643003316 996 $aA strange relation of the suddain and violent tempest, which happened at Oxford May 31, Anno Domini 1682$92312517 997 $aUNISA LEADER 01146nam a2200313 i 4500 001 991001311069707536 005 20020507191132.0 008 931108s1988 ne ||| | eng 020 $a044470289X 035 $ab10829969-39ule_inst 035 $aLE01310328$9ExL 040 $aDip.to Matematica$beng 082 0 $a519.5 084 $aAMS 62-XX 084 $aLC QA276.6.S334 245 00$aSampling /$ced. by P. R. Krishnaiah, C. R. Rao 260 $aAmsterdam :$bNorth-Holland,$c1988 300 $axiii, 594 p. ;$c25 cm 490 0 $aHandbook of statistics,$x0169-7161 ;$v6 650 0$aSampling theory 700 1 $aKrishnaiah, Paruchuri R. 700 1 $aRao, Calyampudi Radhakrishna 907 $a.b10829969$b23-02-17$c28-06-02 912 $a991001311069707536 945 $aLE013 62-XX HOS11 V.VI (1988)$cV. 6$g1$i2013000075440$lle013$o-$pE0.00$q-$rl$s- $t0$u0$v0$w0$x0$y.i1093831x$z28-06-02 945 $aLE025 ECO 519.5 KRI01.01$g1$i2025000121188$lle025$o-$pE0.00$q-$rl$s- $t0$u0$v0$w0$x0$y.i14581048$z15-10-07 996 $aSampling$9258312 997 $aUNISALENTO 998 $ale013$ale025$b01-01-93$cm$da $e-$feng$gne $h0$i1